000
00213nam a22000977a 4500
999
_c
15953
_d
15953
003
OSt
008
191024b ||||| |||| 00| 0 eng d
100
_a
Madhavan ,nair K.
_9
4426
245
_a
Pension kunnu
942
_c
BK